| 000 | 01305cad a22002655a 4500 | ||
|---|---|---|---|
| 001 | E148413 | ||
| 008 | 090915s2009 xxk f lf000 0 eng d | ||
| 035 | _a(Sirsi) u148413 | ||
| 041 | 0 | _aeng | |
| 050 | 0 | 4 | _a711.1 $2 18 |
| 110 | 2 |
_aUnited Kingdom _kLaws, etc. _95044 |
|
| 245 | 0 | 4 |
_aThe Infrastructure Planning (Model Provisions) (England and Wales) Order 2009 _h[electronic resource] |
| 260 |
_aLondon _bOPSI _c2009 |
||
| 490 | 0 |
_aSI _v2009: 2265 |
|
| 520 | _aThis Order sets out model provisions to be included in a draft Order granting development consent for a nationally significant infrastructure project. The Infrastructure Planning (Applications and Procedure) Regulations 2009 require that these accompany an application for an order granting development consent. Comes into force 1 October 2009. | ||
| 521 | _aAdvanced | ||
| 590 | _aKA | ||
| 650 | 2 | 4 | _aINFRASTRUCTURE PLANNING (MODEL PROVISIONS) (ENGLAND AND WALES) ORDER 2009 |
| 650 | 2 | 4 | _aINFRASTRUCTURE PLANNING (APPLICATIONS AND PROCEDURE) REGULATIONS 2009 |
| 650 | 2 | 4 | _aPLANNING ACT 2008 |
| 651 | 4 |
_aUnited Kingdom _y |
|
| 690 | _aENVIRONMENTAL AND LAND CONSULTANCY-PLANNING AND DEVELOPMENT | ||
| 856 | 4 | 0 |
_uhttps://www.opsi.gov.uk/si/si2009/uksi_20092265_en_1 _zView the item free of charge at www.opsi.gov.uk... |
| 942 | _n0 | ||
| 999 |
_c110038 _d110038 |
||